إفريقيا والعلاقات السياسية الدولية في عهد الاستقلال / (Record no. 15783)

MARC details
000 -الفاتح
حقل البيانات ثابتة الطول 01303nam a2200301 i 4500
003 - محدد رقم الضبط
رقم الضبط EG-ScBUE
005 - وقت وتاريخ اخر تعامل مع التسجيلة
رقم الضبط 20231212115125.0
008 - عناصر البيانات ثابتة الطول - معلومات عامة
حقل البيانات ثابتة الطول 110803s1970 u f b 000 0 ara d
017 ## - رقم الإيداع القانونى
رقم الإيداع القانونى 1969 / 4879
040 ## - مصدر الفهرسة
وكالة الفهرسة الأصلية EG-ScBUE
لغة الفهرسة ara
قواعد الوصف rda
وكالة النسخ EG-ScBUE
وكالة التعديل EG-ScBUE
043 ## - رمز المنطقة الجغرافية
رمز المنطقة الجغرافية f------
082 04 - رقم تصنيف ديوى العشرى
رقم الطبعة 22
رقم التصنيف 960.3
رقم المادة ر ف ا
100 ## - المدخل الرئيسى - إسم شخصى
9 (RLIN) 26552
الإسم الشخصى رفاعي، عبد العزيز،
الدور مؤلف.
245 10 - بيان العنوان
العنوان إفريقيا والعلاقات السياسية الدولية في عهد الاستقلال /
بيان المسئوليه,etc تأليف الدكتور عبد العزيز رفاعي، رئيس قسم العلوم الإنسانية بالكلية الفنية العسكرية.
264 #1 - النشر، التوزيع
مكان الناشر او الموزع القاهرة :
اسم الناشر او الموزع مكتبة الأنجلو المصرية،
تاريخ النشر أو التوزيع [1970]
300 ## - الوصف المادى
التعداد 274 صفحة ؛
أبعاد الوعاء 24 سم
336 ## - نوع المحتوى
source rdacontent
Carrier Type Term نص
Content Type Code txt
337 ## - نوع الوسيط
Media Type Term بدون وسيط
source rdamedia
Media Type Code n
338 ## - نوع الحامل أو الناقل
Carrier Type Term مجلد
Carrier Type Code nc
source rdacarrier
504 ## - تبصرة ببليوجرافية
تبصرة ببليوجرافية,الخ يشتمل على إرجاعات ببليوجرافية.
651 #7 - المدخل الاضافى بالموضوع - اسم جغرافى
9 (RLIN) 26553
الاسم الجغرافي إفريقيا
التقسيم الفرعي العام تاريخ.
مصدر الرأس أو المصطلح BUEsh
651 #7 - المدخل الاضافى بالموضوع - اسم جغرافى
الاسم الجغرافي إفريقيا
التقسيم الفرعي العام أحوال اجتماعية.
مصدر الرأس أو المصطلح BUEsh
651 #7 - المدخل الاضافى بالموضوع - اسم جغرافى
الاسم الجغرافي إفريقيا
التقسيم الفرعي العام أحوال اقتصادية.
مصدر الرأس أو المصطلح BUEsh
651 #7 - المدخل الاضافى بالموضوع - اسم جغرافى
الاسم الجغرافي إفريقيا
التقسيم الفرعي العام أحوال سياسية.
مصدر الرأس أو المصطلح BUEsh
653 ## - مصطلح تكشيفى غير مقيد
Arrived date list August2011
655 ## - مصطلح تكشيفى-نوع/شكل
التقسيم الفرعي الشكلي Reading book
942 ## - عناصر المدخل الإضافي( كوها)
مصدر التصنيف او مخطط الترفيف Dewey Decimal Classification
Koha [default] item type Book - Borrowing
Holdings
حالة التراجع حالة الفقد مصدر التصنيف او خطة الترفيف حالة تلف ليس للاعارة مجموعات كوها المكان الدائم المكان الحالي موقع الترفيف تاريخ الاكتساب Source of acquisition رقم الاستدعاء الباركود Date last seen مُعار نوع الوعاء
    Dewey Decimal Classification     Anglo-Egyption Central Library Central Library Second Floor 03/08/2011 Purchase 960.3 ر ف ا 000023031 15/07/2025 06/03/2018 Book - Borrowing